MARC

LEADER 00000nam0a2200000 4500
001 325894
005 20231102003815.0
035 |a (RuTPU)RU\TPU\book\351510 
090 |a 325894 
100 |a 20161214d1939 m y0rusy50 ca 
101 0 |a rus 
102 |a RU 
105 |a a z 001zb 
200 1 |a Архитектор А. Л. Витберг  |e жизнь и творчество  |f В. Л. Снегирев 
210 |a Москва  |a Ленинград  |c Изд-во Всесоюзной академии архитектуры  |d 1939 
215 |a 108 с.  |c ил. 
320 |a Библиогр.: с. 106-107 
600 1 |a Витберг  |b А. (К.) Л.  |c российский архитектор  |c художник  |f 1787-1855  |g Александр (Карл) Лаврентьевич  |2 stltpush  |3 (RuTPU)RU\TPU\pers\16575  |9 5939 
606 1 |a Архитекторы  |2 stltpush  |3 (RuTPU)RU\TPU\subj\29463  |9 52780 
610 1 |a изобразительное искусство 
610 1 |a живопись 
610 1 |a акварель 
610 1 |a храмовая архитектура 
610 1 |a наброски 
610 1 |a персоналии 
610 1 |a архитектура 
610 1 |a история 
675 |a 72.071  |v 4 
700 1 |a Снегирев  |b В. Л. 
801 1 |a RU  |b 63413507  |c 20161214 
801 2 |a RU  |b 63413507  |c 20170117  |g RCR 
942 |c BK